Condensed Catechism of the Catholic Church (Record no. 5912)
[ view plain ]
| 000 -LEADER | |
|---|---|
| fixed length control field | 00484nam a22001697a 4500 |
| 005 - DATE AND TIME OF LATEST TRANSACTION | |
| control field | 20240717010100.0 |
| 008 - FIXED-LENGTH DATA ELEMENTS--GENERAL INFORMATION | |
| fixed length control field | 240717b |||||||| |||| 00| 0 eng d |
| 020 ## - INTERNATIONAL STANDARD BOOK NUMBER | |
| ISBN | 8171765130 |
| 082 ## - DDC Classification | |
| DDC Edition Number | 22 |
| Class No. | 200 |
| Item Number - Author Mark | CON |
| 100 ## - MAIN ENTRY--PERSONAL NAME | |
| Personal name | Hrudayaraj Gade fr & Arulappa Eruva fr |
| 245 ## - TITLE STATEMENT | |
| Title | Condensed Catechism of the Catholic Church |
| Remainder of title | Questions & Answers |
| 260 ## - PUBLICATION, DISTRIBUTION, ETC. | |
| Place of publication, distribution, etc. | Mumbai |
| Name of publisher, distributor, etc. | Pauline sisters Bombay Society |
| Date of publication, distribution, etc. | 2003 |
| 300 ## - PHYSICAL DESCRIPTION | |
| Extent (e.g. Volumes, Pages etc.) | 169 p ., |
| 650 ## - SUBJECT ADDED ENTRY--TOPICAL TERM | |
| Topical term or geographic name entry element | Catechism |
| 650 ## - SUBJECT ADDED ENTRY--TOPICAL TERM | |
| Topical term or geographic name entry element | Religious |
| 942 ## - Koha item type (Biblio) | |
| Koha item type | Books in Stacks (Lending) |
| Lost status | Damaged status | Collection code | Home library | Current library | Date acquired | Full call number | Accession Number | Item type |
|---|---|---|---|---|---|---|---|---|
| Lending | WERC Library | WERC Library | 07/17/2024 | 200 CON | 7006 | Books in Stacks (Lending) |
